| 000 | 00461nam a22001577a 4500 | ||
|---|---|---|---|
| 005 | 20251108164658.0 | ||
| 008 | 250721s9999 xx 000 0 ara d | ||
| 082 | 1 | 4 | _a741.7/موف |
| 100 | 1 | _aحميد، موفق | |
| 245 | 1 | 0 | _aكيف نرسم الظلال و الأضواء / |
| 264 | 1 |
_aبيروت : _bالمكتبة الحديثة للطباعة و النشر، _c[19-]. |
|
| 300 | _a71ص | ||
| 650 | 1 | 7 | _aالرسم |
| 942 |
_2ddc _cBK |
||
| 999 |
_c11630 _d11630 |
||